[Event "Horgen-B"]
[Site "Horgen"]
[Date "1995.??.??"]
[Round "5"]
[White "Zueger, Beat"]
[Black "Kindermann, Stefan"]
[Result "1-0"]
[WhiteElo "2470"]
[BlackElo "2565"]
[Annotator "Ftacnik,L"]
[PlyCount "89"]
[EventDate "1995.10.??"]
[EventType "tourn"]
[EventRounds "9"]
[EventCountry "SUI"]
[EventCategory "11"]
[SourceTitle "CBM 050"]
[Source "ChessBase"]
[SourceDate "1996.02.01"]
[SourceVersion "1"]
[SourceVersionDate "1996.02.01"]
[SourceQuality "1"]

1. c4 f5 2. d4 Nf6 3. g3 d6 4. Bg2 g6 5. Nc3 Bg7 6. d5 O-O 7. Nh3 Na6 8. Nf4 e5
9. dxe6 c6 10. O-O Nc5 11. Be3 Qe7 (11... Nxe6 12. Nxe6 (12. Rc1 Qe7 13. Qa4
Ng4 14. Bd2 Nxf4 15. Bxf4 g5 16. Bd2 f4 17. Qd1 fxg3 18. hxg3 Qf6 19. Bf3 Qh6
20. Bxg4 Bxg4 21. Ne4 Rae8 {Sher,M-Beim,V/Biel op (05) ;EXP 19 1990/0-1 (37)})
12... Bxe6 13. Qd3 Ng4 14. b3 Nxe3 15. Qxe3 Re8 16. Qd2 Bf7 17. Rac1 Qa5 18.
Rfd1 Rad8 19. e3 Qe5 20. Bf3 h6 {1/2-1/2 Sarfati,J-Garbett,P/Auckland (02) ;
EXP 29 1992}) 12. Qd2 (12. h3 g5 13. Nd3 Nxe6 14. Qd2 h6 15. f4 Nh5 16. Bf2 Bd7
17. Rad1 Be8 18. e3 Nf6 19. Rde1 Bg6 20. e4 fxe4 21. Nxe4 gxf4 22. gxf4 Nxe4
23. Bxe4 Bxe4 24. Rxe4 Qf7 25. Rfe1 Rae8 {1/2-1/2 Van der Sterren,P-Van Mil,J/
NLD-ch (08) ;CBM 26 1991}) 12... Bxe6 (12... Nxe6 13. Rad1 Rd8 14. b3 Qf7 15.
Rfe1 Ng4 16. Nxe6 Bxe6 17. Bf4 Rd7 18. h3 Nf6 19. Bh6 Bxh6 20. Qxh6 d5 21. cxd5
Nxd5 22. Na4 {Van Gisbergen,S-Timmerman,G/NLD-ch sf Enschede (09) ;EXT 91ch
1991/1-0 (42)}) 13. Nxe6 Qxe6 $2 (13... Nxe6 {/\ Ng4} 14. Rfd1 (14. h3 $6 Nh5 {
/\ f4|^}) 14... Ng4 15. Qxd6 Qxd6 16. Rxd6 Nxe3 17. fxe3 (17. Rxe6 Nxc4) 17...
Nc5 $17) 14. Rad1 Qxc4 (14... Ng4 $142) 15. Qxd6 Nfe4 16. Bxe4 Nxe4 17. Nxe4
fxe4 $6 {The pawn structure will dictate the evaluation of the chances for a
long time. It was better to avoid splitting the pawns into three islands.} (
17... Qxe4 18. Qc7 $1 Rf7 19. Rd8+ Rxd8 20. Qxd8+ Rf8 21. Qc7 {/\ Rf1-d1-d7})
18. b3 Qf7 19. Qb4 Rfe8 20. Bd4 a5 $6 (20... Bf8 21. Qc3 $14) 21. Qc3 Re7 22.
Bxg7 Qxg7 23. Rd4 Qe5 (23... e3 24. f4 $16) 24. Rfd1 Rf8 25. Qe3 Rfe8 26. h4
Qc5 27. Kg2 Kg7 28. Rc1 Qf5 29. Rd6 {The sad part about this type of positions
is the lack of counterplay and the long painful suffering with the draw as the
best outcome of any dream.} Kg8 (29... Qe5 30. Rcd1 $14) 30. Rc5 Re5 31. Rxe5
Qxe5 32. Rd7 Re7 33. Rd8+ (33. Rxe7 Qxe7 34. Qa7 $14) 33... Kg7 34. a4 Rf7 (
34... c5 35. Rc8 b6 36. Rc6 $14) 35. Rd4 Re7 36. Rd8 Rf7 37. Rd4 Re7 38. Rc4
Kg8 39. Rc5 Qc7 40. h5 $1 Re5 (40... gxh5 41. Rxh5 $16) 41. Qf4 Re7 42. hxg6
hxg6 (42... Qxf4 43. gxh7+ Rxh7 44. gxf4 $18) 43. Qf6 Rg7 44. Re5 Qd7 45. Rxa5
(45. Rxe4 Qd5 46. Qe6+ $16) 1-0

[Event "Olympiad-31"]
[Site "Moscow"]
[Date "1994.12.04"]
[Round "4.4"]
[White "Agdestein, Espen"]
[Black "Shabalov, Alexander"]
[Result "1-0"]
[WhiteElo "2330"]
[BlackElo "2600"]
[Annotator "Gagarin,V"]
[PlyCount "105"]
[EventDate "1994.12.01"]
[EventType "team-swiss"]
[EventRounds "14"]
[EventCountry "RUS"]
[SourceTitle "CBM 045"]
[Source "ChessBase"]
[SourceDate "1995.04.01"]
[SourceVersion "1"]
[SourceVersionDate "1995.04.01"]
[SourceQuality "1"]
[WhiteTeam "Norway"]
[BlackTeam "US of America"]
[WhiteTeamCountry "NOR"]
[BlackTeamCountry "USA"]

1. c4 f5 2. g3 Nf6 3. Bg2 g6 4. d4 Bg7 5. Nc3 O-O 6. Nh3 Nc6 (6... e6) (6... d6
) 7. d5 $5 (7. O-O) (7. Rb1) (7. Nf4) 7... Ne5 8. Qb3 $5 (8. b3) 8... c5 (8...
c6 $6 9. O-O Qb6 10. Be3 $16) (8... Nf7 $6 9. O-O Nh5 10. Rd1 d6 11. Be3 Bd7
12. c5 $1 dxc5 13. Bxc5 b6 14. Bd4 $16 {Korchnoi,V-Kuzminyh,E/URS/1951/}) 9.
Bd2 (9. O-O Ne8 10. Be3 d6 11. Rad1 Rb8 12. Ng5 Nc7 13. Nf3 Bd7 14. Nxe5 Bxe5
15. Bh6 Re8 16. Qc2 b5 $13 {Kloss-Haag/corr/1959/}) 9... h6 $6 (9... d6 $5 10.
Nf4 Rb8 11. h4 h6 $5 (11... a6 $5 12. a4 Bd7 13. h5 b6 $13 {/\ Qe8 Huebner/})
12. a4 a6 13. Rb1 Bd7 14. Qa2 {Huebner,R-Polgar,Z/Munich/1991/1:0/35/} b6 15.
b3 Qe8 16. Qc2 Qf7 $13 {Huebner/}) 10. O-O d6 11. Rae1 $5 {/\ f4,e4|^[+]/} e6
$6 (11... Kh7 $5 $14) 12. Nf4 exd5 13. Nfxd5 $16 {>< d5/} Nc6 14. Rb1 Kh7 (
14... Nd4 15. Qd1 $16) 15. Nxf6+ Qxf6 16. Nd5 Qf7 17. Bc3 Be6 18. Bxg7 Qxg7 19.
e3 Rae8 20. Rbd1 Bg8 21. Rd2 Ne5 22. Qc2 Kh8 23. b3 g5 24. Kh1 h5 $6 (24... g4
$5 $16) (24... f4 $5 25. exf4 Bxd5 26. Rxd5 gxf4 27. Rxd6 Rf6 $16) 25. h3 h4
26. f4 $1 Ng6 $2 (26... gxf4 $142 $16) 27. fxg5 Bxd5 28. Rxd5 Re5 (28... hxg3
29. Rdxf5 $18) 29. Rxd6 hxg3 (29... Rxe3 30. gxh4 $18) 30. Qe2 Ne7 31. h4 Kg8
32. Qf3 Re4 33. Qxg3 Rg4 34. Qh2 Ng6 35. Rxg6 $1 $18 Qxg6 36. Bf3 Re8 37. Bxg4
fxg4 38. Qf4 Qe6 39. Kg2 Qxe3 40. Qxe3 Rxe3 41. Rf4 Kg7 (41... Re2+ 42. Rf2 Re3
43. Rd2 $18) 42. h5 Rh3 43. h6+ Kg6 44. Rxg4 Rd3 45. Rh4 Rd8 46. h7 Rh8 47. Kf3
Kxg5 48. Rh2 Kf5 49. Rh1 a6 50. a4 a5 51. Rh2 b6 52. Rh3 Ke5 53. Kg4 1-0

[Event "FRA-ch"]
[Site "Montpellier"]
[Date "1991.??.??"]
[Round "?"]
[White "Spassky, Boris Vasilievich"]
[Black "Santo Roman, Marc"]
[Result "0-1"]
[WhiteElo "2550"]
[BlackElo "2485"]
[Annotator "Hansen,Cu"]
[PlyCount "50"]
[EventDate "1991.08.??"]
[EventType "tourn"]
[EventRounds "15"]
[EventCountry "FRA"]
[EventCategory "8"]
[SourceTitle "CBM 027"]
[Source "ChessBase"]
[SourceDate "1992.04.01"]
[SourceVersion "1"]
[SourceVersionDate "1992.04.01"]
[SourceQuality "1"]

1. d4 f5 2. g3 Nf6 3. Bg2 g6 4. Nh3 Bg7 5. c4 O-O 6. Nc3 d6 7. d5 Na6 8. Nf4 e5
9. dxe6 c6 10. h4 (10. O-O Nc5 (10... Qe7 11. e4 fxe4 12. Nxe4 Nxe4 13. Bxe4
Nc5 14. Re1 $14 {Gligoric-Ilincic Jugoslavia 1991}) 11. Qc2 a5 12. e4 Nxe6 $10
{Vokac-Gazik 1991}) 10... Nc5 11. h5 gxh5 (11... g5 12. h6 Bh8 13. Nh3 $14) 12.
Nxh5 Nxh5 13. Rxh5 Bxe6 {/\><c4} 14. Bh6 Bxh6 15. Rxh6 Qg5 16. Rh4 f4 17. Qd2
Bxc4 18. O-O-O $4 (18. Rxf4 Rxf4 19. Qxf4 Qxf4 20. gxf4 Rf8 21. b3 Ba6 (21...
Be6 22. e3 $10) 22. b4 Ne6 23. e3 $14 (23. b5 Bxb5 24. Nxb5 Nxf4 $17 25. Bxc6
bxc6 26. Nxd6 $10)) 18... Bxa2 $19 19. Qxd6 fxg3+ 20. f4 Qxh4 21. Qxc5 Bb3 22.
Rf1 Rxf4 23. Rh1 Qf6 24. Ne4 Rxe4 25. Bxe4 Qf4+ {Hansen,C} 0-1

[Event "Budapest FS06 GM"]
[Site "Budapest"]
[Date "1995.??.??"]
[Round "8"]
[White "Kahn, Evarth"]
[Black "Dao, Thien Hai"]
[Result "1-0"]
[WhiteElo "2400"]
[BlackElo "2480"]
[Annotator "Hecht,H"]
[PlyCount "97"]
[EventDate "1995.06.??"]
[EventType "tourn"]
[EventRounds "11"]
[EventCountry "HUN"]
[EventCategory "9"]
[SourceTitle "CBM 049"]
[Source "ChessBase"]
[SourceDate "1995.12.01"]
[SourceVersion "1"]
[SourceVersionDate "1995.12.01"]
[SourceQuality "1"]

1. d4 f5 2. g3 Nf6 3. Bg2 g6 4. c4 Bg7 5. Nh3 O-O 6. Nc3 d6 7. d5 c6 8. O-O e5
9. dxe6 Qe7 10. Nf4 Na6 11. b3 Nc5 12. Bb2 Nxe6 13. Nxe6 Bxe6 14. Qd2 Rad8 15.
a4 Ng4 16. f4 Rfe8 17. h3 Nf6 18. Ba3 Qc7 19. Qc2 d5 20. cxd5 Qb6+ 21. Kh2 Nxd5
22. Nxd5 Bxd5 23. Bxd5+ Rxd5 24. Rae1 Qe3 25. Bc1 Qc3 26. Qa2 Re4 27. Rd1 Rb4
28. Rf3 Qc5 29. Rxd5 Qxd5 30. Rd3 Rd4 31. Rxd4 Qxd4 32. e3 Qd5 33. Qc2 Qe6 34.
Qc4 Kf7 35. Kg2 a6 36. Kf3 b5 37. Qxe6+ Kxe6 {gleiche L bei 6-6 Bauern und
verteilten Mehrheiten, grober Fehler Zug 46} 38. e4 c5 39. axb5 axb5 40. g4 Ba1
41. h4 h5 42. gxf5+ gxf5 43. Be3 c4 44. bxc4 bxc4 (44... b4 45. exf5+ Kxf5 46.
c5 b3 47. c6 Ke6 48. f5+ Kd6 49. Bc1 b2 50. Bxb2 Bxb2 51. Kg2 $10) 45. Bd2 Bf6
(45... Bb2 46. Be1 c3 47. Bxc3 Bxc3 48. exf5+ $10) 46. Be1 Kd6 $4 47. e5+ Bxe5
48. fxe5+ Kxe5 49. Bc3+ (49. Bc3+ Kd5 50. Kf4 Ke6 51. Kg5 $18 {Zugzwang und
Gewinn mit richtigem Randbauer}) 1-0

[Event "RUS-ch U18"]
[Site "Moscow"]
[Date "1995.??.??"]
[Round "9"]
[White "Shinkevich, Vitaly"]
[Black "Kobalia, Mihail"]
[Result "0-1"]
[WhiteElo "2435"]
[BlackElo "2415"]
[Annotator "Hecht,H"]
[PlyCount "149"]
[EventDate "1995.??.??"]
[EventType "tourn"]
[EventRounds "11"]
[EventCountry "RUS"]
[EventCategory "8"]
[SourceTitle "CBM 046"]
[Source "ChessBase"]
[SourceDate "1995.06.01"]
[SourceVersion "1"]
[SourceVersionDate "1995.06.01"]
[SourceQuality "1"]

1. d4 f5 2. g3 Nf6 3. Bg2 g6 4. c4 Bg7 5. Nc3 O-O 6. Nh3 d6 7. d5 Na6 8. O-O
Qe8 9. Rb1 Bd7 10. Nf4 Nc5 11. Be3 Nce4 12. Nxe4 Nxe4 13. Bd4 Qf7 14. e3 c6 15.
Qd3 c5 16. Bxg7 Qxg7 17. Ne2 Rab8 18. f3 Nf6 19. Nc3 Qf7 20. f4 Qe8 21. e4 fxe4
22. Nxe4 Nxe4 23. Bxe4 b5 24. b3 Qf7 25. Rfc1 Rfc8 26. Qc3 Rb7 27. Bd3 Qg7 28.
Qxg7+ Kxg7 29. Kf2 Rcb8 30. Ke3 Kf6 31. Rb2 bxc4 32. Bxc4 a5 33. Kd3 a4 34. Kc3
Bb5 35. Rcb1 a3 36. Re2 Bxc4 37. Kxc4 Rb4+ 38. Kc3 Rd4 39. Rbe1 Rb7 40. Rd2
Rbb4 41. Re6+ Kf7 42. Rde2 Rb7 43. Rd2 Rxd5 44. Rxe7+ Rxe7 45. Rxd5 $17 {
Aktiver schwarzer Re7.} Ke6 46. Rd2 Kd7 47. Kd3 Re1 48. Rf2 Ra1 49. Kc3 Kc6 50.
g4 Kd7 51. f5 gxf5 52. gxf5 Ke7 53. f6+ Kf7 54. Kc4 (54. b4 Rc1+ 55. Kd2 Rb1
56. bxc5 Rb2+ 57. Ke3 dxc5 $17) 54... Rd1 55. Kc3 Re1 56. Kc4 Re4+ 57. Kb5 {
Abgedrängter weisser Kb5.} Rd4 58. Ka5 h5 59. Kb5 h4 60. h3 Rd3 61. Ka4 Rxh3
62. Kxa3 Rg3 63. Rd2 h3 64. Rxd6 h2 65. Rd7+ Kxf6 66. Rh7 Rg2 67. Ka4 (67. b4
cxb4+ 68. Kxb4 Rxa2 69. Kc3 Kf5 70. Kd3 Kf4 $19) 67... Rxa2+ 68. Kb5 Rc2 69.
Kb6 Ke5 70. Kb5 Kf4 71. Rh8 Kg3 72. Rg8+ Kf2 73. Rh8 Kg1 74. Rg8+ Rg2 75. Rh8
0-1

[Event "Pamplona 9899 9th"]
[Site "Pamplona"]
[Date "1998.12.31"]
[Round "5"]
[White "Illescas Cordoba, Miguel"]
[Black "De la Riva Aguado, Oscar"]
[Result "1-0"]
[WhiteElo "2605"]
[BlackElo "2510"]
[Annotator "Illescas Cordoba,M"]
[PlyCount "77"]
[EventDate "1998.12.27"]
[EventType "tourn"]
[EventRounds "9"]
[EventCountry "ESP"]
[EventCategory "13"]
[SourceTitle "CBM 069"]
[Source "ChessBase"]
[SourceDate "1999.04.01"]
[SourceVersion "1"]
[SourceVersionDate "1999.04.01"]
[SourceQuality "1"]

1. d4 {Tyomkin,D} f5 2. g3 Nf6 3. Bg2 g6 4. Nh3 e6 $5 {[%cal Yd4d5,Ge6e5]} 5.
Nf4 Nc6 $5 (5... d6 {Tyomkin,D} 6. Nc3 Nc6 (6... d5 7. O-O Nc6 8. b3 Bb4 9. Bb2
O-O 10. e3 Bd7 11. Nce2 Ne7 12. c4 c6 13. Nd3 Bd6 $14 {1/2-1/2 Parker,J-Wall,G/
4NCL, Birmingham ENG 1998 (20) Black achived usual Stonewall setup.N on e7
(instead Nd7) doesn't improve black's position.}) 7. d5 exd5 8. Ncxd5 Bg7 9. c3
(9. h4 $14 {[%cal Gh4h5,Gh5h6]}) 9... Ne5 10. Nxf6+ Qxf6 (10... Bxf6 $142) 11.
Nd5 Qf7 12. Qa4+ c6 $2 13. Nb6 axb6 14. Qxa8 O-O 15. O-O Qe7 16. Qa7 d5 17.
Qxb6 $18 {1-0 Horvath,J-Wastney,S/Elista RUS 1998 (26)}) 6. c4 $1 (6. Nc3 d5 $1
) 6... Bg7 7. Nc3 O-O 8. O-O Qe7 $5 $146 (8... Rb8 $16) 9. d5 (9. b3 $5) 9...
Ne5 (9... Nd8 10. e4 $1) 10. Qb3 $1 {[%cal Ye2e4] /\e4} Nf7 {[%cal Ye6e5] /\e5
Tyomkin,D: 'Black intends to play e5 on next move.Illescas perfectly stops it.'
} (10... g5 $5) 11. c5 {'!' Tyomkin,D.} (11. e4 $6 e5) 11... g5 (11... e5 12.
d6 $1 {[%cal Gb3g8]} cxd6 13. Nfd5 Nxd5 (13... Qe6 {Tyomkin,D} 14. Nxf6+ Qxf6
15. Nd5 Qe6 16. Qa3 $1 $18) 14. Nxd5 Qe6 15. Qa3 $5 $16) (11... exd5 {Tyomkin,D
} 12. Ncxd5 Nxd5 13. Nxd5 Qxc5 $140 14. Bf4 $16) 12. Nd3 (12. c6 $5 gxf4 $1 (
12... bxc6 13. dxe6 dxe6 14. Bxc6 gxf4 15. Bxa8 $16) (12... dxc6 13. Nxe6 $16)
13. cxb7 Bxb7 (13... Rb8 $5) 14. Qxb7 fxg3 15. hxg3 e5 $5 16. Qxc7 Nd6 $132)
12... Kh8 (12... exd5 13. Nxd5 Nxd5 14. Qxd5 $14) 13. e4 $1 e5 (13... fxe4 14.
dxe6 exd3 15. exf7 Qxc5 16. Be3 $44) (13... Nxe4 {Tyomkin,D} 14. Nxe4 fxe4 15.
Bxe4 e5 16. Be3 $16) 14. exf5 d6 15. cxd6 cxd6 16. f3 $1 Bxf5 17. Nf2 $14 {
[%csl Ge4]} g4 $6 (17... Rac8 $142 18. Nfe4 h6 $14) 18. fxg4 Nxg4 19. Nxg4 Bxg4
20. Ne4 {[%csl Rd6,Ge4,Rf7,Rg7] '+/-' Tyomkin,D.} Qd7 (20... Bh6 $2 21. Rxf7 $1
) (20... Bh5 $142 {[%cal Gh5g6] Tyomkin,D} 21. Be3 Bg6 {with the idea to
change the strong outposted knight and then Ng5 and e4.}) 21. Be3 Nh6 $6 {
Tyomkin,D: 'Black sacrifices a7-pawn hoping to improve his passive pieces.'} (
21... Bf5 $142) 22. Rxf8+ Rxf8 (22... Bxf8 $143 $2 {Tyomkin,D} 23. Nf6 $18) 23.
Bxa7 $16 Nf5 24. Qb4 Ra8 (24... b6 25. Bxb6 Rb8 26. Nf2 $16) 25. Bf2 (25. Nf6
$6 Bxf6 26. Qxg4 Rxa7 27. Be4 Ra4 $132) 25... Ra4 26. Qb6 Nd4 (26... Ra6 $142
$16) (26... Ra6 {Tyomkin,D} 27. Qb3 Nd4 28. Bxd4 exd4 29. Re1 $1 $16) 27. Qxd6
Nf3+ 28. Kh1 {Tyomkin,D: 'Now black is getting some chances.'} (28. Bxf3 Qxd6
29. Nxd6 Bxf3 $44 (29... Bxf3 {Tyomkin,D} 30. Rc1 h6 (30... h5 31. Nf7+ Kg8 32.
Ng5 $18) (30... Kg8 31. Rc8+ Bf8 32. Bc5 $18) 31. Rc8+ Kh7 32. Rc7 $1 $18 Rxa2
$140 33. Ne8 $18)) 28... Qxd6 (28... Rxe4 29. Qb8+ Qc8 30. Qxc8+ Bxc8 31. Bxf3
$18) 29. Nxd6 e4 30. h3 Bh5 31. Rc1 $1 {[%csl Gc1]} (31. b3 Ra6 32. Rc1 Rxd6
33. Rc8+ Bf8 34. Rxf8+ Kg7 $132) (31. Nxb7 Rb4 32. Nd6 Rxb2 $132) 31... Bxb2
32. Rc8+ (32. Rc2 $1 Rxa2 33. Bf1 $16) 32... Kg7 33. Rc7+ (33. Nf5+ $6 Kf6 34.
g4 Rxa2 35. Bxf3 exf3 $44) (33. Rc2 Rxa2 34. Bf1 $16) 33... Kf8 {Tyomkin,D: 'I
guess both sides were in a time-trouble in this moment.'} (33... Kf6 34. g4 Bg6
35. Bxf3 exf3 36. Nc4 $18) (33... Kg8 $142 34. Rc8+ (34. g4 Bg6 35. Bxf3 (35.
Nc4 Rxa2 36. Bxf3 exf3 37. Nxb2 Rxb2 38. d6 Rxf2 39. d7 Rd2 40. Rc8+ Kf7 41.
d8=Q Rxd8 42. Rxd8 Be4 {with good chances to save this ending.}) 35... exf3 $44
{עh1} 36. Rxb7 $140 Be5 $40 {'!' Tyomkin,D.} (36... Rxa2 $2 37. Rb8+ Kg7 38.
Rxb2 $1 $18)) 34... Kg7 35. Rc2 $16 (35. Nf5+ {Tyomkin,D The best way which I
found for white after 33...Kg8.} Kf7 (35... Kf6 36. Rf8+ Ke5 37. Ne3 $16) 36.
Rc7+ Kf6 37. Ne3 $1)) 34. Rxh7 (34. Be3 $18 Rxa2 $140 35. Bh6+) 34... Rxa2 (
34... Bg6 35. Rxb7 Rxa2 36. Bxf3 exf3 37. Rb3 Bc3 (37... Ke7 {Tyomkin,D} 38.
Bc5 $18) 38. Bc5 Ra1+ 39. Kh2 Ra2+ 40. Kg1 Rg2+ 41. Kh1 $18) 35. Rxh5 $18 Ra1+
36. Bf1 {[%csl Rb7,Re4]} Nd2 37. Kg2 Ba3 38. Rh8+ Kg7 39. Bd4+ 1-0

[Event "Madrid"]
[Site "Madrid"]
[Date "1996.05.10"]
[Round "3"]
[White "Salov, Valery"]
[Black "Illescas Cordoba, Miguel"]
[Result "1/2-1/2"]
[WhiteElo "2670"]
[BlackElo "2635"]
[Annotator "Johnson,M"]
[PlyCount "97"]
[EventDate "1996.05.08"]
[EventType "tourn"]
[EventRounds "9"]
[EventCountry "ESP"]
[EventCategory "17"]
[SourceTitle "CBM 053"]
[Source "ChessBase"]
[SourceDate "1996.08.01"]
[SourceVersion "1"]
[SourceVersionDate "1996.08.01"]
[SourceQuality "1"]

1. d4 f5 2. c4 Nf6 3. g3 g6 4. Bg2 Bg7 5. Nh3 d6 (5... e6 $5 {/\ ...d6}) 6. d5
c6 7. Nf4 (7. O-O O-O 8. Nc3 {is possibly more precise, then if 8...} e5 9.
dxe6 Bxe6 (9... Na6 $2 10. Bf4 $16) 10. Qb3 Qe7 11. Ng5 Bf7 12. Nxf7 Rxf7 13.
Bf4 Na6 14. Rad1 Ne8 15. Qa3 $16 {><d6 Ree-Rakic/Maribor/1980} Nc5 (15... Be5
16. Bxc6 $1) 16. Bxd6) 7... e5 8. dxe6 Na6 $1 (8... Qe7 $6 9. Nc3 Bxe6 10. Nxe6
Qxe6 11. Rb1 $1 O-O 12. O-O Na6 13. b3 $14 {^^ ><d6}) 9. Nc3 Nc5 10. O-O O-O
11. Rb1 Nxe6 12. b4 Ng4 $1 13. Bb2 Nxf4 14. gxf4 Be6 $14 15. h3 Nf6 16. Qd3 Qe7
17. b5 Rac8 18. bxc6 bxc6 19. Rfd1 Rfd8 20. Ba3 Ne8 21. e3 Qf7 22. Rb4 Nf6 23.
Ra4 d5 24. cxd5 Nxd5 25. Nxd5 Bxd5 26. Ra5 Bf6 27. Bxd5 Rxd5 28. Rxd5 cxd5 29.
Rd2 (29. Qxd5 Qxd5 30. Rxd5 Rc2 31. Ra5 Rxa2 32. Rxa7 Bh4 $10) 29... Qe6 30.
Bb2 Bxb2 31. Rxb2 Qe4 32. Qxe4 dxe4 33. Rb7 a5 34. Ra7 Rc5 35. Kg2 h6 36. Kg3
Kf8 37. a3 Kg8 38. Kh2 Kf8 39. Kg2 Kg8 40. Kg3 Kf8 41. h4 h5 42. Kg2 Kg8 43. a4
Kf8 44. Kf1 Rc1+ 45. Ke2 Rc2+ 46. Ke1 Rc1+ 47. Kd2 Rc5 48. Kd1 Kg8 49. Kd2
1/2-1/2

[Event "RUS-Cup2"]
[Site "Moscow"]
[Date "1996.??.??"]
[Round "6"]
[White "Burmakin, Vladimir"]
[Black "Malaniuk, Vladimir P"]
[Result "0-1"]
[WhiteElo "2505"]
[BlackElo "2610"]
[Annotator "Kharitonov,A"]
[PlyCount "88"]
[EventDate "1996.11.28"]
[EventType "swiss"]
[EventRounds "9"]
[EventCountry "RUS"]
[SourceTitle "CBM 056 Extra"]
[Source "ChessBase"]
[SourceDate "1997.03.01"]
[SourceVersion "1"]
[SourceVersionDate "1997.03.01"]
[SourceQuality "1"]

1. d4 f5 2. g3 Nf6 3. Bg2 g6 4. c4 Bg7 5. Nh3 Nc6 $5 (5... d6 6. d5 c6 7. Nf4
e5 8. dxe6 Na6 9. Nc3 Nc5 10. O-O O-O 11. Rb1 Nxe6 $14 {Salov,V-Illescas
Cordoba,M/Madrid/1996/0.5/49/}) 6. Nf4 (6. Nc3 O-O 7. Rb1 (7. Nf4 d6 8. d5 Ne5
9. Qb3 c5 10. Bd2 Rb8 11. h4 h6 12. a4 a6 13. Rb1 Bd7 14. Qa2 $13 {Huebner,
R-Polgar,Zs/Munchen/1991/1:0/35/}) 7... d6 8. d5 Ne5 9. b3 Bd7 10. O-O c5 11.
Bd2 a6 12. a4 Rb8 13. Qc2 Ne8 14. Kh1 b6 15. f4 Ng4 (15... Nf7 16. Nf2 Nh6 $13
{Kharitonov,A-Malaniuk,V/Moscow ch/1988/0.5/20/}) 16. Nf2 Nxf2+ $6 17. Rxf2 $14
{Nenashev,A-Malaniuk,V/Taskent/1987/1:0/46/}) (6. Nc3 d6 7. d5 Ne5 8. Bd2 $5
O-O 9. b3 Bd7 10. O-O c6 11. Qc1 Re8 12. Rb1 e6 13. dxe6 Bxe6 14. Bh6 Bf8 15.
Rd1 $14 {Malaniuk,V-Tseitlin,M/Hastings/1995/0:1/46/}) 6... d6 7. d5 Ne5 8. h4
$5 {N/} O-O $1 9. Qc2 (9. h5 g5 $5 10. h6 Bh8 11. Ne6 (11. Nh5 Nxc4 $13) 11...
Bxe6 12. dxe6 Nxc4 13. Bxg5 Qc8 $13 (13... Nxb2 $13)) 9... c6 10. h5 e6 $1 (
10... g5 $2 11. h6 Bh8 12. Nh3 g4 13. Nf4 $16) 11. hxg6 hxg6 12. dxe6 Qe7 13.
Nc3 $6 (13. b3 $5 Bxe6 14. Bb2 (14. Nxe6 Qxe6 15. Bb2 d5) 14... Bf7 15. Nc3
Rad8 16. Rd1 $13) 13... Bxe6 14. Nxe6 $6 (14. b3) 14... Qxe6 15. b3 d5 $1 16.
cxd5 cxd5 17. Bb2 Rac8 18. Qd1 Ne4 $1 $36 19. Nb5 (19. Nxd5 $2 Rfd8 $19) (19.
Nxe4 $2 dxe4 20. O-O Rfd8 21. Qb1 Rd2 $19) (19. Qxd5 $2 Nf3+ 20. exf3 (20. Kf1
Qxd5 21. Nxd5 Ned2#) 20... Bxc3+ 21. Bxc3 Qxd5 22. Rh8+ Kf7 $19) 19... Nf3+ $1
20. Bxf3 Bxb2 21. Rb1 Bg7 $1 (21... Bc3+ $6 22. Kf1 (22. Nxc3 $2 Nxc3 23. Qd4
Nxb1 24. Bxd5 (24. Rh8+ Kf7 $19) 24... Rc1+ $19) 22... Nd2+ 23. Kg2 Nxf3 (23...
Nxb1 $2 24. Bxd5) 24. exf3 $13) 22. e3 (22. O-O a6 23. Nd4 Qb6 24. Bxe4 dxe4
$17) 22... Rfd8 (22... a6 $5 23. Nd4 Qb6 24. Rb2 Qb4+ 25. Kf1 $17) 23. O-O Qb6
24. Qd3 $8 a6 25. Nd4 Rc3 26. Qd1 Bxd4 $1 27. exd4 Rdc8 $17 28. Rb2 Qf6 29. Kg2
Qg5 {/\30...Rc1 31.Qe2 Rf1 32.Qf1 Rc1 33.Qd3 Qh6-+} 30. Qe2 Kg7 31. Rh1 Qf6 $1
32. Rd1 (32. Qd1 R8c7 $17) 32... R8c7 33. Rd3 (33. Kg1 Re7 $17) 33... Rc1 34.
Rd1 R1c3 (34... Nc3 $2 35. Rxc1) 35. Rd3 R3c6 36. Bxe4 $2 (36. Qe1 Rc2 37. Rxc2
Rxc2 38. Bxe4 fxe4 39. Rd2 Qf3+ 40. Kg1 Qc3 $19) (36. Kg1 $17) 36... fxe4 37.
Rd1 Rc3 38. Rdd2 Rf3 $19 39. Rbc2 Rf7 $1 (39... Rxc2 40. Rxc2 Qxd4 41. Rc7+ Rf7
42. Rxf7+ Kxf7 $17) 40. Rd1 Qg5 {/\41...e3 42.Qf3 Rf3 43.Kf3 Qf5-+} 41. Rdc1
Qg4 {/\42...e3} 42. Qe1 (42. Rc3 Rxg3+) 42... e3 $1 43. fxe3 Qe4 44. Kh2 (44.
Kg1 Rxe3 $19) 44... Rf1 $1 (44... Rf1 $1 45. Qxf1 Rxf1 46. Rc7+ (46. Rxf1 Qxc2+
) 46... Rf7 $19) 0-1

[Event "EU-Cup 14th Group1"]
[Site "Breda"]
[Date "1998.09.20"]
[Round "3"]
[White "Lautier, Joel"]
[Black "McDonald, Neil R"]
[Result "1-0"]
[WhiteElo "2630"]
[BlackElo "2490"]
[Annotator "Lautier,J"]
[PlyCount "53"]
[EventDate "1998.09.18"]
[EventType "team-k.o."]
[EventRounds "3"]
[EventCountry "NED"]
[SourceTitle "EXT 2020"]
[Source "ChessBase"]
[SourceDate "2019.10.17"]
[SourceVersion "1"]
[SourceVersionDate "2019.10.17"]
[SourceQuality "1"]
[WhiteTeam "Breda Panfox"]
[BlackTeam "Invicta Knights Maidstone"]
[WhiteTeamCountry "NED"]
[BlackTeamCountry "ENG"]

1. d4 f5 2. g3 Nf6 3. Bg2 g6 4. c4 Bg7 5. Nc3 d6 6. d5 O-O 7. Nh3 Na6 8. O-O
Bd7 9. Rb1 $5 (9. Nf4 c5 10. Bd2 Rb8 (10... Nc7 11. a4 b6 12. Rb1 {+=}) 11. Rb1
{+=} (11. Nb5 Qb6 12. Qe1 Nb4 $1 $132)) 9... c5 10. a3 Nc7 (10... Ng4 $142 11.
e3 {/\ Qe2} (11. Qc2 Ne5 12. b3 Nc7 13. a4 b6 {+=}) 11... Nc7 (11... Bxc3 $6
12. bxc3 Rb8 13. e4 {+/-}) 12. a4 b6 13. Bd2 Ne5 14. Qe2 {+=}) 11. b4 b6 12.
Bb2 Qe8 {/\ h6, Qf7; /\ h6, g5, Qh5} 13. Ba1 $5 {/\ bc5, Rb7} (13. Re1 Ng4 14.
e4 Bd4 $132) (13. Qc2 h6 14. Nf4 g5 15. Nd3 Qh5 $132) (13. e3 h6 14. Nf4 g5 15.
Nd3 Qg6 {+=}) 13... Rb8 (13... h6 14. Nf4 g5 15. Nd3 Rb8 (15... Qh5 16. bxc5
dxc5 (16... bxc5 17. Rb7 $36) 17. e4 $36) 16. e4 {+=}) 14. Qc2 $6 (14. e3 h6
15. Nf4 g5 16. Nd3 Qg6 17. Qe2 {+=}) 14... e5 $1 $132 15. dxe6 Bxe6 16. Rfd1
Bxc4 $6 (16... Rd8 $142 17. Nd5 Ncxd5 18. cxd5 Bd7 $132 {/\ Ba4}) 17. Rxd6 {+=}
cxb4 $2 (17... Qe7 18. bxc5 (18. Rc6 $5) 18... bxc5 19. Rc6 {+=}) 18. Ne4 $1 {
+/-} Nxe4 $2 (18... fxe4 $8 19. Qxc4+ Qf7 (19... Rf7 20. Ng5 {+-}) 20. Qxf7+
Rxf7 21. Ng5 Rff8 22. axb4 {+/-} (22. Rc6 $5 Ncd5 (22... Nfe8 23. Bxg7 Kxg7 24.
axb4 {+/-}) 23. axb4 (23. Ne6 Rfc8 24. Rxc8+ Rxc8 25. Nxg7 Kxg7 26. axb4 Kf7
$132) 23... e3 24. Ne6 {+/-})) 19. Qxc4+ Rf7 (19... Kh8 20. Bxg7+ Kxg7 21. Bxe4
{+-}) (19... Qf7 20. Rd7 $1 Qxc4 21. Rxg7+ Kh8 22. Rxc7+ Qc3 23. axb4 {+-}) 20.
Bxe4 {+-} Nb5 (20... Qxe4 21. Qxf7+ Kxf7 22. Ng5+ Ke7 23. Nxe4 Bxa1 (23... fxe4
24. Rc6 Bxa1 25. Rxc7+ Kd6 26. Rxa7 {+-}) 24. Rxa1 fxe4 25. Rad1 {+-}) (20...
fxe4 21. Ng5 Bxa1 22. Rxa1 {+-}) (20... b5 21. Qb3 {+-}) 21. Re6 Qd7 22. Bc6
Nxa3 23. Qb3 Qc7 24. Rd1 Bxa1 25. Ng5 Bc3 26. Nxf7 Qxf7 27. Rd7 1-0